100 joueurs autrichiens avec la plus grosse valeur marchande - Statistiques

Statistiques générales
  • Ce quiz a été pris 30 fois
  • Le résultat moyen est 9 sur 100
Statistiques - réponses
Club Prix Réponse % Correct
Real Madrid 40 millions David Alaba
100%
Bayern Munich 28 millions Konrad Laimer
74%
Borussia Dortmund 20 millions Marcel Sabitzer
70%
Wolfsberger AC 800k Thomas Sabitzer
70%
RC Lens 22 millions Kevin Danso
67%
Inter Milan 5 millions Marko Arnautovic
44%
RB Salzbourg 2 millions Alexander Schlager
41%
RB Leipzig 28 millions Xaver Schlager
41%
RB Leipzig 24 millions Christoph Baumgartner
37%
Wolfsberger AC 750k Dominik Baumgartner
37%
Borussia Monchengladbach 3 millions Stefan Lainer
22%
Clermont Foot 6 millions Muhammed Cham
19%
RB Leipzig 20 millions Nicolas Seiwald
19%
Fribourg 8 millions Michael Gregoritsch
15%
Fribourg 20 millions Philipp Lienhart
15%
Hoffenheim 6,5 millions Florian Grillitsch
11%
Cologne 5 millions Florian Kainz
11%
Borussia Monchengladbach 2 millions Hannes Wolf
11%
Fribourg 8 millions Junior Adamu
11%
Mayence 3,5 millions Karim Onisiwo
11%
Borussia Monchengladbach 14 millions Maximilian Wöber
11%
Austria Klagenfurt 800k Nicolas Wimmer
11%
Wolfsbourg 18 millions Patrick Wimmer
11%
Wolves 12 millions Sasa Kalajdzic
11%
Bologne 14 millions Stefan Posch
11%
Torino 5 millions Valentino Lazaro
11%
Etoile Rouge Belgrade 4,5 millions Aleksandar Dragovic
7%
Vancouver Whitecaps 1,8 millions Alessandro Schöpf
7%
RB Salzbourg 3 millions Samson Baidoo
7%
FC Bale 5 millions Yusuf Demir
7%
Lorient 1,5 millions Adrian Grbic
4%
Austria Vienne 800k Aleksandar Jukic
4%
Sturm Graz 7,5 millions Alexander Prass
4%
Bristol City 2,2 millions Andreas Weimann
4%
Union Berlin 800k Christopher Trimmel
4%
Darmstadt 3 millions Christoph Klarer
4%
Cologne 10 millions Dejan Ljubicic
4%
RB Salzbourg 4 millions Dijon Kameri
4%
Darmstadt 1 million Emir Karic
4%
Samsunspor 2,5 millions Ercan Kara
4%
Feyenoord Rotterdam 5 millions Gernot Trauner
4%
Rapid Vienne 1 million Guido Burgstaller
4%
RB Salzburg 800k Justin Omoregie
4%
Bochum 3 millions Kevin Stöger
4%
Hannovre 1 million Louis Schaub
4%
Austria Vienne 1,2 millions Manfred Fischer
4%
Sturm Graz 2,5 millions Manprit Sarkaria
4%
Werder Breme 5,5 millions Marco Friedl
4%
Rapid Vienne 3,5 millions Marco Grüll
4%
Darmstadt 1,5 millions Mathias Honsak
4%
Austria Vienne 2 millions Matthias Braunöder
4%
Rapid Vienne 2 millions Matthias Seidl
4%
Rapid Vienne 1,8 millions Niklas Hedl
4%
Brondby IIF 1,5 millions Patrick Pentz
4%
Mayence 1,5 millions Phillipp Mwene
4%
Werder Breme 4,5 millions Romano Schmid
4%
FC Saint Gall 1 million Albert Vallci
0%
Sturm Graz 1 million Alexandar Borkovic
0%
Austria Vienne 1,2 millions Andreas Gruber
0%
Rapid Vienne 750k Ante Bajic
0%
Holstein Kiel 1,1 millions Benedikt Pichler
0%
Wolfsberger AC 1 million Bernhard Zimmermann
0%
Fatih Karagumruk 700k Can Keles
0%
Austria Klagenfurt 750k Christopher Cvetko
0%
Karlsruher SC 900k Christoph Kobald
0%
AEK Athenes 1,5 millions Cican Stankovic
0%
Watford 3 millions Daniel Bachmann
0%
Sturm Graz 3 millions David Affengruber
0%
FC St.Pauli 1,2 millions David Nemeth
0%
Sturm Graz 1,8 millions David Schnegg
0%
Austria Vienne 2,5 millions Dominik Fitz
0%
Birmingham City 3 millions Emanuel Aiwu
0%
LASK Linz 700k Felix Luckeneder
0%
Salernitana 8 millions Flavius Daniliuc
0%
LASK Linz 700k Florian Flecker
0%
FC Sion 800k Heinz Lindner
0%
Rapid Vienne 1,8 millions Jonas Auer
0%
Schalke 04 1,2 millions Leo Greiml
0%
Rapid Vienne 3 millions Leopold Querfeld
0%
Austria Lustenau 700k Lukas Fridikas
0%
Rapid Vienne 1,2 millions Lukas Grgic
0%
WSG Tirol 700k Lukas Sulzbacher
0%
Como 1907 1 million Marlon Mustapha
0%
Rapid Vienne 700k Martin Moormann
0%
Venezia FC 900k Michael Svoboda
0%
Rapid Vienne 800k Moritz Oswald
0%
Rapid Vienne 800k Nikolas Sattlberger
0%
Wolfsberger AC 750k Nikolas Veratschnig
0%
Rapid Vienne 900k Patrick Greil
0%
LASK Linz 1,2 millions Peter Michorl
0%
Changchun Yatai 1 million Peter Zulj
0%
LASK Linz 800k Rene Renner
0%
LASK Linz 1,7 millions Robert Zulj
0%
Rapid Vienne 750k Roman Kerschbaum
0%
LASK Linz 1,8 millions Sascha Horvath
0%
Sturm Graz 700k Stefan Hierländer
0%
PAOK Salonique 1 million Stefan Schwab
0%
Wolfsberger AC 750k Thierno Ballo
0%
PAOK Salonique 1 million Thomas Murg
0%
LASK Linz 800k Tobias Lawal
0%
Aucun quiz correspondant
Distribution des résultats
% des personnes avec chaque résultat
Percentile par nombre de réponses
Votre historique - résultats
Vous n’avez pas pris ce quiz